Comentario académico y forense del célebre jurisconsulto Arnoldo Vinnio a los cuatro libros de las instituciones imperiales de Justiniano, anotado por el Jurisconsulto J. Gottlieb Heineccio y seguido de las cuestiones selectas del mismo autor.

Guardat en:
Dades bibliogràfiques
Autor principal: Vinnio, Arnoldo (autor)
Altres autors: Gottlieb Heineccius, Johann (anotación)
Format: Llibre
Idioma:anglès
Publicat: Barcelona, España: Imprenta de José Torner, 1846.
Matèries:
Etiquetes: Afegir etiqueta
Sense etiquetes, Sigues el primer a etiquetar aquest registre!

MARC

LEADER 00000nam a22000007a 4500
003 CL-VaPUC
005 20241010162150.0
008 241007t1846 ||||| |||| 00| 0 eng d
999 |c 445008  |d 445006 
040 |c Pontificia Universidad Católica de Valparaíso 
082 |2 22  |a 340.54 VIN 1846 
100 |9 401339  |a Vinnio, Arnoldo  |e autor 
245 |a Comentario académico y forense del célebre jurisconsulto Arnoldo Vinnio a los cuatro libros de las instituciones imperiales de Justiniano, anotado por el Jurisconsulto J. Gottlieb Heineccio y seguido de las cuestiones selectas del mismo autor. 
250 |b [Edición de la] traducción al castellano, adicionada con las variantes del derecho español y las diferencias más notables del derecho municipal de Cataluña por D. J. P. y B. T. II 
260 |a Barcelona, España:  |b Imprenta de José Torner,  |c 1846. 
300 |a Tomos.  
500 |a c.1 Tomo I: Donación. Biblioteca de Derecho. Memo DER N° 042. 03-10-2024 
583 |c 20241007  |k Yessy Sthefany Diaz Vidal 
650 0 |9 255930  |a Derecho romano  |x Instituciones  |x Código Justiniano 
700 |9 892070  |a Gottlieb Heineccius, Johann   |e anotación 
942 |2 ddc  |c BK 
952 |0 0  |1 0  |2 ddc  |4 0  |6 340_540000000000000_VIN_1846  |7 0  |8 DER_HIS  |9 597234  |a BIBDER  |b BIBDER  |d 2024-10-07  |e Donación  |h t.I  |i 5662994  |o 340.54 VIN 1846  |p 5662994  |r 2024-10-07  |t 1  |w 2024-10-07  |x Ubicación 4to Piso  |y BK  |z Estos recursos deben solicitarse con anticipación  |k DER